00520 2200205 4500001002100000005001700021008004100038035002400079082001700103090001800120100001500138245003700153260002900190300001900219650002800238850001200266980001500278985000600293999001500299YOGYA-0209000005364920090227033149.0 ind  0010-020900000053649 a438.24/Har/W a438.24bHar W aHARJONO, T aWir sprechen DeutchcT. Hardjono aJakartabBumirestuc1980 a147 hlmc24 cm aPelajaran bahasa Jerman aYOPDYOG a11-12-2007 a1 aA000058451